National construction contracts and law survey 2013 (Record no. 115732)

MARC details
000 -LEADER
fixed length control field 02251cad a22003255a 4500
001 - CONTROL NUMBER
control field L159193
008 - FIXED-LENGTH DATA ELEMENTS--GENERAL INFORMATION
fixed length control field 120802s2013 xxk f 000 0 eng d
035 ## - SYSTEM CONTROL NUMBER
System control number (Sirsi) u159193
041 0# - LANGUAGE CODE
Language code of text/sound track or separate title eng
050 04 - LIBRARY OF CONGRESS CALL NUMBER
Classification number 692.8 $2 18
110 2# - MAIN ENTRY--CORPORATE NAME
Corporate name or jurisdiction name as entry element National Buildings Specification
9 (RLIN) 5911
240 ## - UNIFORM TITLE
Uniform title NBS contracts survey
245 00 - TITLE STATEMENT
Title National construction contracts and law survey 2013
Medium [electronic resource]
250 ## - EDITION STATEMENT
Edition statement 2nd ed.
260 ## - PUBLICATION, DISTRIBUTION, ETC.
Place of publication, distribution, etc. [S.l.]
Name of publisher, distributor, etc. RIBA Enterprises Ltd
Date of publication, distribution, etc. 2013
505 2# - FORMATTED CONTENTS NOTE
Formatted contents note Introduction -- PPC: The natural home for BIM and collaborative working -- Does the Duty of Good Faith have any place in English contracts? -- National construction contracts and law survey 2013 -- The CIOB Complex Projects Contract 2013 -- Using Dispute Boards in construction projects -- Improving collaborative construction contracts
520 ## - SUMMARY, ETC.
Summary, etc. Reveals that disputes remain a real (and growing) issue for the industry. The perception is that the number of disputes is on the rise, with nearly half of respondents saying the number of disputes has increased, while only 10% tell us there are fewer. The adoption of collaborative techniques is very low even though the profession is embracing collaboration in principle, with respondents agreeing that the delivery of clients? objectives is better achieved through collaborative working. It is still not normal practice for BIM to be referenced in contracts, with fewer than a quarter agreeing that they reference, or have adopted, BIM in their contracts. The survey also shows how international work (through UK-managed contracts) brings its own issues. Cultural differences, risk distribution, unfamiliar contract forms, security of payment, and language, are all cited as significant challenges for those involved in international contracts.
590 ## - LOCAL NOTE (RLIN)
Local note KA NTK
650 24 - SUBJECT ADDED ENTRY--TOPICAL TERM
Topical term or geographic name entry element PAYMENT
650 24 - SUBJECT ADDED ENTRY--TOPICAL TERM
Topical term or geographic name entry element BIM
9 (RLIN) 6219
650 24 - SUBJECT ADDED ENTRY--TOPICAL TERM
Topical term or geographic name entry element COLLABORATION
650 24 - SUBJECT ADDED ENTRY--TOPICAL TERM
Topical term or geographic name entry element DESIGN LIABILITY
650 24 - SUBJECT ADDED ENTRY--TOPICAL TERM
Topical term or geographic name entry element CONSTRUCTION DISPUTES
651 #4 - SUBJECT ADDED ENTRY--GEOGRAPHIC NAME
Geographic name United Kingdom
Chronological subdivision
690 ## - LOCAL SUBJECT ADDED ENTRY--TOPICAL TERM (OCLC, RLIN)
Topical term or geographic name as entry element Contracts
9 (RLIN) 6232
690 ## - LOCAL SUBJECT ADDED ENTRY--TOPICAL TERM (OCLC, RLIN)
Topical term or geographic name as entry element BIM
9 (RLIN) 6219
710 1# - ADDED ENTRY--CORPORATE NAME
Corporate name or jurisdiction name as entry element RIBA Enterprises
9 (RLIN) 4631
856 40 - ELECTRONIC LOCATION AND ACCESS
Uniform Resource Identifier <a href="https://www.thenbs.com/~/media/files/pdf/nbsnationlclreport2013single.pdf?la=en">https://www.thenbs.com/~/media/files/pdf/nbsnationlclreport2013single.pdf?la=en</a>
Public note View the item free of charge at www.thenbs.com
942 ## - ADDED ENTRY ELEMENTS (KOHA)
Suppress in OPAC 0
Holdings
Withdrawn status Lost status Source of classification or shelving scheme Damaged status Not for loan Home library Current library Shelving location Date acquired Total Checkouts Full call number Barcode Date last seen Copy number Price effective from Koha item type
    Dewey Decimal Classification     Virtual Virtual Online 15/03/2016   ONLINE PUBLICATION 159193-2001 06/08/2019 1 06/08/2019 Book